[Event "24th Dubai Open A 2024"]
[Site "Dubai UAE"]
[Date "2024.05.27"]
[Round "3.14"]
[White "Sibashvili, Giorgi"]
[Black "Vakhidov, Jakhongir"]
[Result "1/2-1/2"]
[WhiteTitle "IM"]
[BlackTitle "GM"]
[WhiteElo "2423"]
[BlackElo "2599"]
[WhiteFideId "13602799"]
[BlackFideId "14201801"]
[EventDate "2024.05.25"]

1. c4 c5 2. g3 g6 3. Bg2 Bg7 4. Nc3 Nc6 5. Nf3 e6 6. d4 cxd4 7. Nb5 d5 8. cxd5
exd5 9. O-O Nf6 10. Nbxd4 O-O 11. b3 Nxd4 12. Nxd4 Ne4 13. Bb2 Bd7 14. Qd3 Nc5
15. Qd1 Ne4 16. Qd3 Nc5 17. Qd1 Ne4 1/2-1/2

[Event "24th Dubai Open A 2024"]
[Site "Dubai UAE"]
[Date "2024.05.27"]
[Round "3.15"]
[White "Safarli, Eltaj"]
[Black "Poormosavi, Seyed Kian"]
[Result "1-0"]
[WhiteTitle "GM"]
[BlackTitle "IM"]
[WhiteElo "2594"]
[BlackElo "2388"]
[WhiteFideId "13402129"]
[BlackFideId "12585807"]
[EventDate "2024.05.25"]

1. e4 c5 2. Nf3 Nc6 3. Bb5 g6 4. Bxc6 bxc6 5. O-O Bg7 6. Re1 Qc7 7. c3 e5 8. d4
cxd4 9. cxd4 exd4 10. Nxd4 Ne7 11. Nc3 O-O 12. Bg5 Re8 13. Rc1 d6 14. Bxe7 Qxe7
15. Nxc6 Qd7 16. Nb5 Bxb2 17. Rc2 Be5 18. Nxe5 Qxb5 19. Nc4 Rd8 20. Nxd6 Qa5 21.
e5 Be6 22. Qa1 Rab8 23. h4 Rb4 24. h5 gxh5 25. Qc1 Rg4 26. Nb7 Qd5 27. f3 Qxb7
28. fxg4 Qb6+ 29. Kh1 hxg4 30. Rc6 Qd4 31. Qg5+ Kh8 32. Rf1 Qd5 33. Ra6 Rc8 34.
Rd6 Qxa2 35. Rd8+ Rxd8 36. Qxd8+ Kg7 37. Qf6+ Kf8 38. Rd1 Bd7 39. Rxd7 1-0

[Event "24th Dubai Open A 2024"]
[Site "Dubai UAE"]
[Date "2024.05.27"]
[Round "3.16"]
[White "Pang, Tao"]
[Black "Ahmad, Al Khatib"]
[Result "1-0"]
[WhiteTitle "IM"]
[BlackTitle "GM"]
[WhiteElo "2496"]
[BlackElo "2380"]
[WhiteFideId "8609950"]
[BlackFideId "8103178"]
[EventDate "2024.05.25"]

1. d4 Nf6 2. c4 e6 3. Nf3 c5 4. d5 exd5 5. cxd5 d6 6. Nc3 g6 7. e4 a6 8. a4 Bg4
9. Qb3 Bxf3 10. Qxb7 Nbd7 11. gxf3 Bg7 12. Qc6 Qb8 13. a5 O-O 14. Be2 Rc8 15.
Qa4 c4 16. Qc2 Nc5 17. Ra3 Qb4 18. O-O Nfd7 19. Na2 Qb7 20. Bxc4 Ne5 21. Rc3
Nxc4 22. Rxc4 Nb3 23. Qd3 Rxc4 24. Qxc4 Rc8 25. Qa4 Nd4 26. Kg2 Qe7 27. Be3 Nc2
28. Bf4 Qf6 29. Rc1 Ne1+ 30. Kf1 Rxc1 1-0

[Event "24th Dubai Open A 2024"]
[Site "Dubai UAE"]
[Date "2024.05.27"]
[Round "3.17"]
[White "Ahmad, Khagan"]
[Black "Iniyan, Pa"]
[Result "0-1"]
[WhiteTitle "FM"]
[BlackTitle "GM"]
[WhiteElo "2375"]
[BlackElo "2493"]
[WhiteFideId "13431552"]
[BlackFideId "25002767"]
[EventDate "2024.05.25"]

1. e4 c5 2. Nf3 d6 3. d4 cxd4 4. Nxd4 Nf6 5. Nc3 a6 6. Be3 e6 7. a3 b5 8. g4 Bb7
9. Bg2 Nfd7 10. g5 Nb6 11. f4 N8d7 12. O-O Rc8 13. Qg4 Nc4 14. Bf2 e5 15. Nf5
Nxb2 16. Nd5 Bxd5 17. exd5 Rxc2 18. Bd4 Nc4 19. fxe5 Ndxe5 20. Qf4 h6 21. gxh6
gxh6 22. Be4 Rg8+ 23. Kh1 Re2 24. Ng3 Rg4 25. Nxe2 Rxf4 26. Rxf4 Nd2 27. Rg1 Qc7
28. Rc1 Qb7 29. Bg2 Nd3 30. Rc6 Nxf4 31. Nxf4 b4 32. Nh5 f5 33. Rb6 Qc7 34. Rxb4
Qc1+ 35. Bg1 Qd1 36. Rd4 Qxh5 37. Rxd2 Bg7 38. Rc2 Bd4 0-1

[Event "24th Dubai Open A 2024"]
[Site "Dubai UAE"]
[Date "2024.05.27"]
[Round "3.18"]
[White "Mammadova, Gulnar"]
[Black "Rathanvel, V S"]
[Result "1/2-1/2"]
[WhiteTitle "IM"]
[BlackTitle "IM"]
[WhiteElo "2359"]
[BlackElo "2471"]
[WhiteFideId "13403508"]
[BlackFideId "25002112"]
[EventDate "2024.05.25"]

1. e4 c5 2. Nf3 d6 3. Bb5+ Bd7 4. Bxd7+ Qxd7 5. c4 e5 6. Nc3 Nc6 7. d3 Be7 8.
O-O Bd8 9. Nd5 Nge7 10. a3 O-O 11. b4 cxb4 12. Nxb4 Bb6 13. Be3 Bxe3 14. fxe3 f5
15. exf5 Nxf5 16. Qe2 h6 17. Nd5 Rf7 18. Nd2 Raf8 19. Ne4 Nce7 20. Nxe7+ Nxe7
21. Nc3 Nf5 22. Nd5 Ne7 23. Nc3 Nf5 24. Nd5 Ne7 25. Nc3 Nf5 1/2-1/2

[Event "24th Dubai Open A 2024"]
[Site "Dubai UAE"]
[Date "2024.05.27"]
[Round "3.19"]
[White "Movahed, Sina"]
[Black "Liyanage, Ranindu Dilshan"]
[Result "1/2-1/2"]
[WhiteTitle "IM"]
[BlackTitle "IM"]
[WhiteElo "2463"]
[BlackElo "2352"]
[WhiteFideId "42520835"]
[BlackFideId "9915834"]
[EventDate "2024.05.25"]

1. e4 e6 2. d4 d5 3. e5 c5 4. c3 Nc6 5. Nf3 Nge7 6. Na3 Bd7 7. Nc2 Qa5 8. Bd2
Qb6 9. dxc5 Qc7 10. Be2 Ng6 11. b4 Ncxe5 12. O-O Be7 13. Nfd4 O-O 14. f4 Nc4 15.
Bxc4 dxc4 16. Ne3 b6 17. cxb6 axb6 18. f5 exf5 19. Ndxf5 Bxf5 20. Nxf5 Rad8 21.
Qe2 Bd6 22. Nxd6 Rxd6 23. Be3 Re8 24. Qf2 Rf6 25. Qd2 Rfe6 26. Rae1 b5 27. Bd4
Rxe1 28. Rxe1 Rxe1+ 29. Qxe1 Qd7 30. Qe4 h6 31. h3 Ne7 32. Qe5 Nf5 33. Bc5 f6
34. Qf4 Qd1+ 35. Kh2 Qd5 36. Qb8+ Kh7 37. Qf4 Kg8 38. a3 Kf7 39. Qc7+ Kg8 40.
Qb8+ Kh7 41. Bf2 Qd6+ 42. Qxd6 Nxd6 43. g4 Kg6 44. Kg2 Ne4 45. Bd4 Nd2 46. Kf2
Nb1 47. Ke3 Nxa3 48. Ke4 Kg5 49. Bf2 Nb1 50. Be1 g6 51. Kd4 Kf4 52. Kc5 Na3 53.
Bd2+ Kg3 54. Bc1 Nb1 55. Kxb5 Nxc3+ 56. Kxc4 Ne4 57. Kd4 Nd6 58. Kd5 Nb5 59. Be3
f5 60. gxf5 gxf5 61. Ke5 h5 62. Kxf5 Kxh3 63. Bf2 Kg2 64. Bh4 Kf3 65. Be1 Ke2
66. Ke4 1/2-1/2

[Event "24th Dubai Open A 2024"]
[Site "Dubai UAE"]
[Date "2024.05.27"]
[Round "3.20"]
[White "Khalifa Essa, Albalooshi"]
[Black "Mammadzada, Gunay"]
[Result "0-1"]
[BlackTitle "IM"]
[WhiteElo "2135"]
[BlackElo "2436"]
[WhiteFideId "9315853"]
[BlackFideId "13403729"]
[EventDate "2024.05.25"]

1. d4 Nf6 2. c4 e6 3. Nf3 b6 4. a3 Ba6 5. Qc2 Bb7 6. Nc3 c5 7. dxc5 bxc5 8. Bg5
Be7 9. e4 d6 10. Rd1 Nbd7 11. Bd3 a6 12. h3 h6 13. Be3 Qc7 14. O-O O-O 15. Qe2
Rab8 16. Bb1 Rfe8 17. Nh2 Ne5 18. f4 Ng6 19. Ng4 Bc6 20. Rd2 Rbd8 21. e5 dxe5
22. Bxg6 fxg6 23. Nxe5 Ne4 24. Rxd8 Bxd8 25. Nxe4 Bxe4 26. Rd1 Bf6 27. Nd7 Be7
28. Bc1 Qb7 29. Ne5 Rd8 30. Rxd8+ Bxd8 31. Be3 Be7 32. Qd2 Kh7 33. Nd7 Qc7 34.
Ne5 Qb7 35. Nd7 Bxg2 36. Bxc5 Bc6 37. Bxe7 Bxd7 38. Qd4 e5 39. Qxe5 Bxh3 40. Qe2
Qb3 41. Bh4 Bd7 42. Bf2 Bc6 43. Kh2 Bd7 44. Kg1 Qh3 45. Qe3 Qg4+ 46. Qg3 Qd1+
47. Be1 Qd4+ 48. Qf2 Qxc4 49. Bc3 Bc6 50. Qd4 Qf7 51. Qe5 h5 52. Kh2 Ba8 53. Kg1
Qb7 54. Kf1 Qd7 55. Ke2 Bg2 56. Qd4 Qe7+ 57. Qe5 Qf7 58. Be1 Qc4+ 59. Ke3 Bh3
60. Bc3 Qf7 61. Be1 Bf5 62. Bh4 Qd7 63. Qd4 Qe6+ 64. Kd2 Bg4 65. Kc3 Qc6+ 66.
Kb4 Be6 67. a4 Bd7 68. b3 Be6 69. Be1 Qb7+ 70. Kc5 Bxb3 71. Bc3 Qc7+ 72. Kb4 Be6
73. a5 Qd7 74. Qxd7 Bxd7 75. Be1 g5 76. fxg5 Kg6 77. Kc5 Kxg5 78. Kd6 Bf5 79.
Ke5 h4 80. Bxh4+ Kxh4 81. Kxf5 g5 82. Ke6 g4 83. Kd6 g3 84. Kc6 g2 85. Kb6 g1=Q+
86. Kxa6 Qg6+ 87. Kb7 Qf7+ 88. Kb6 Qb3+ 0-1

[Event "24th Dubai Open A 2024"]
[Site "Dubai UAE"]
[Date "2024.05.27"]
[Round "3.21"]
[White "Durak, Can"]
[Black "Goh, Zi Han"]
[Result "1-0"]
[WhiteTitle "IM"]
[BlackTitle "FM"]
[WhiteElo "2434"]
[BlackElo "2306"]
[WhiteFideId "44552971"]
[BlackFideId "5819156"]
[EventDate "2024.05.25"]

1. e4 g6 2. d4 d6 3. c4 Bg7 4. Nc3 Nf6 5. h3 O-O 6. Be3 Nbd7 7. g4 e5 8. d5 Nc5
9. f3 a5 10. Qd2 Kh8 11. Nge2 Ne8 12. h4 f5 13. g5 f4 14. Bf2 h5 15. O-O-O Rf7
16. Nb5 Bf8 17. Nec3 Bd7 18. Kb1 Qc8 19. Be2 c6 20. Na3 a4 21. Qc2 Nc7 22. Rd2
N7a6 23. Qd1 Qb8 24. Qf1 Qc7 25. Qd1 Qb8 26. Bf1 Be8 27. Rh2 Kh7 28. Bg1 Qc7 29.
Nxa4 Qa5 30. Nc3 Rb8 31. Nc2 b5 32. Bxc5 dxc5 33. dxc6 bxc4 34. Kc1 Bxc6 35.
Bxc4 Rfb7 36. Ne1 Qxc3+ 37. bxc3 Rb1+ 38. Kc2 R8b2+ 39. Kd3 Rxd1 40. Rxd1 Rxh2
41. Bxa6 Rxa2 42. Bc4 Ra7 43. Rb1 Rd7+ 44. Ke2 Bd6 45. Rb6 Ba4 46. Nd3 Bc2 47.
Nb2 Bc7 48. Rb7 Kg7 49. Be6 Re7 50. Kd2 Bb1 51. Bd5 c4 52. Bxc4 Rd7+ 53. Kc1
Bxe4 54. fxe4 f3 55. Nd3 Kf8 56. Kd2 Kg7 57. Ke3 Kh8 58. Kxf3 Re7 59. Nb4 1-0

[Event "24th Dubai Open A 2024"]
[Site "Dubai UAE"]
[Date "2024.05.27"]
[Round "3.22"]
[White "Garifullina, Leya"]
[Black "George Micheal, Kevin"]
[Result "0-1"]
[WhiteTitle "IM"]
[BlackTitle "IM"]
[WhiteElo "2430"]
[BlackElo "2258"]
[WhiteFideId "34127035"]
[BlackFideId "10669515"]
[EventDate "2024.05.25"]

1. e4 e5 2. Nf3 Nc6 3. Bb5 a6 4. Ba4 Nf6 5. O-O d6 6. Re1 Bd7 7. Bxc6 Bxc6 8. d4
Be7 9. Nc3 exd4 10. Nxd4 Bd7 11. Bf4 O-O 12. h3 b5 13. Qf3 Qc8 0-1

[Event "24th Dubai Open A 2024"]
[Site "Dubai UAE"]
[Date "2024.05.27"]
[Round "3.23"]
[White "Krawczyk, Flawian"]
[Black "Vignesh, N R"]
[Result "1/2-1/2"]
[WhiteTitle "CM"]
[BlackTitle "GM"]
[WhiteElo "2315"]
[BlackElo "2526"]
[WhiteFideId "21881413"]
[BlackFideId "25012215"]
[EventDate "2024.05.25"]

1. d4 Nf6 2. c4 e6 3. Nf3 c5 4. d5 exd5 5. cxd5 d6 6. Nc3 g6 7. e4 a6 8. a4 Bg4
9. Be2 Bxf3 10. Bxf3 Bg7 11. O-O O-O 12. Bf4 Ne8 13. h3 Nd7 14. Be2 Qe7 15. Bg3
Bd4 16. Qb3 Nef6 17. Rae1 Ne5 18. Kh2 Bxc3 19. bxc3 Nxe4 20. f4 c4 21. Qd1 Nd7
22. Bf3 f5 23. Bxe4 fxe4 24. Qd4 Nc5 25. Qxc4 Rae8 26. Re3 Rf5 27. Rd1 h5 28.
Re2 Qf7 29. Qd4 Qd7 30. Rde1 Qe7 31. Qc4 Qf7 32. Rd1 Kh7 33. Qd4 Qd7 34. Rde1
Qe7 35. Qc4 Qf7 36. Rd1 Nd3 37. Rb1 Nc5 38. Bf2 e3 39. Bxe3 Qxd5 40. Qxd5 Rxd5
41. Rbb2 Kg8 1/2-1/2

[Event "24th Dubai Open A 2024"]
[Site "Dubai UAE"]
[Date "2024.05.27"]
[Round "3.24"]
[White "Injac, Teodora"]
[Black "Piliposyan, Robert"]
[Result "1/2-1/2"]
[WhiteTitle "IM"]
[BlackTitle "FM"]
[WhiteElo "2422"]
[BlackElo "2364"]
[WhiteFideId "932400"]
[BlackFideId "13309978"]
[EventDate "2024.05.25"]

1. d4 Nf6 2. c4 e6 3. Nc3 d5 4. cxd5 exd5 5. Bg5 Be7 6. e3 O-O 7. Bd3 Re8 8. Nf3
h6 9. Bf4 c5 10. h3 a6 11. dxc5 Bxc5 12. O-O Nc6 13. Rc1 Ba7 14. Ne2 Qb6 15. b3
Qb4 16. Ned4 Nxd4 17. Nxd4 Ne4 18. Qe1 Qb6 19. Bc7 Qg6 20. Kh2 Bxd4 21. exd4 Bf5
22. Qb4 Nd2 23. Qxd2 Bxd3 24. Rfe1 Rxe1 25. Qxe1 Rc8 26. Bg3 Rxc1 27. Qxc1 Qc6
28. Qxc6 bxc6 29. Bd6 Bb1 30. a3 Bc2 31. b4 1/2-1/2

[Event "24th Dubai Open A 2024"]
[Site "Dubai UAE"]
[Date "2024.05.27"]
[Round "3.25"]
[White "Hossain, Enamul"]
[Black "Celik, Hasan Huseyin"]
[Result "1/2-1/2"]
[WhiteTitle "GM"]
[BlackTitle "IM"]
[WhiteElo "2365"]
[BlackElo "2421"]
[WhiteFideId "10200649"]
[BlackFideId "44506759"]
[EventDate "2024.05.25"]

1. e4 c5 2. Nf3 e6 3. b3 Nc6 4. Bb2 Nf6 5. e5 Nd5 6. Nc3 Nxc3 7. dxc3 Qc7 8. c4
b6 9. Qd2 Be7 10. Bd3 Bb7 11. O-O-O Nb4 12. Kb1 Nxd3 13. Qxd3 O-O-O 14. h4 f5
15. Ng5 Rdf8 16. f3 Bc6 17. Qe2 h6 18. Nh3 g5 19. hxg5 hxg5 20. Nf2 Qd8 21. Bc1
Rxh1 22. Rxh1 Rh8 23. Qe1 Qg8 24. Rxh8 Qxh8 25. Qe2 Qh4 26. Nh3 Qg3 27. Qf2 Qxe5
28. Bxg5 Bf8 29. Bf4 Qf6 30. Bg5 Qh8 31. Bc1 Bg7 32. Qg3 Kb7 33. Ng5 Be5 34. Qe1
Bf6 35. Nf7 Qh2 36. Qd2 Be7 37. a4 Kc7 38. Qe2 Bf6 39. Bb2 Qg1+ 40. Ka2 Bxb2 41.
Kxb2 Qd4+ 42. c3 Qf6 43. Ne5 Bb7 44. Nd3 d6 45. Nf4 Kd7 46. Qe3 Qh6 47. Kc2 e5
48. Nd5 Qxe3 49. Nxe3 Ke6 50. Nd1 f4 51. Kd3 Kf5 52. Nf2 Kg5 53. Ke2 Kh4 54. Kf1
Kg3 55. Nh1+ Kh2 56. Nf2 Bc6 57. Ng4+ Kg3 58. Nh6 Bd7 59. Nf7 Bf5 60. Nxd6 Bc2
61. Kg1 a5 62. Nc8 e4 63. fxe4 Bxe4 64. Nd6 Bxg2 65. Nf5+ Kg4 66. Ne7 Be4 67.
Kf2 Bc2 68. Nd5 Bxb3 69. Nxb6 Kf5 70. Nd7 Bxa4 71. Nxc5 Bc2 72. Nb7 a4 73. Nd6+
Ke5 74. Nb5 Be4 75. Ke2 Bc6 76. Nd4 Bg2 77. Kd2 Be4 78. c5 a3 79. Kc1 Bd3 80. c6
Kd6 81. c7 Kxc7 82. Ne6+ Kb6 83. Nxf4 Be4 84. Nd5+ Kb5 85. Nb4 Kc4 86. Nc2 a2
87. Kb2 Bxc2 88. Kxa2 Kxc3 1/2-1/2

[Event "24th Dubai Open A 2024"]
[Site "Dubai UAE"]
[Date "2024.05.27"]
[Round "3.26"]
[White "Zhai, Mo"]
[Black "Beydullayeva, Govhar"]
[Result "1-0"]
[WhiteTitle "WGM"]
[BlackTitle "WGM"]
[WhiteElo "2348"]
[BlackElo "2411"]
[WhiteFideId "8600201"]
[BlackFideId "13413015"]
[EventDate "2024.05.25"]

1. d4 Nf6 2. c4 e6 3. Nf3 d5 4. Nc3 c6 5. e3 Nbd7 6. Qc2 Bd6 7. b3 O-O 8. Be2 b6
9. O-O Bb7 10. Bb2 Qe7 11. Rad1 Rfe8 12. Rfe1 Rac8 13. Bf1 e5 14. e4 dxc4 15.
bxc4 exd4 16. Nxd4 Qf8 17. Nf5 Be5 18. Qc1 Rcd8 19. Qg5 Kh8 20. f4 h6 21. Qh4
Bc7 22. e5 Nxe5 23. Rxd8 Bxd8 24. fxe5 Nd7 25. Qg3 Bc7 26. Ne4 Bxe5 27. Bxe5
Rxe5 28. Ned6 Rxe1 29. Qxe1 Ba8 30. Bd3 c5 31. Ne8 g6 32. Ne7 Kh7 33. Nxg6 fxg6
34. Qe6 1-0

[Event "24th Dubai Open A 2024"]
[Site "Dubai UAE"]
[Date "2024.05.27"]
[Round "3.27"]
[White "Stella, Andrea"]
[Black "Heinemann, Josefine"]
[Result "1-0"]
[WhiteTitle "GM"]
[BlackTitle "WGM"]
[WhiteElo "2397"]
[BlackElo "2303"]
[WhiteFideId "827061"]
[BlackFideId "12900460"]
[EventDate "2024.05.25"]

1. c4 e6 2. Nc3 c5 3. Nf3 Nf6 4. g3 b6 5. Bg2 Bb7 6. O-O Be7 7. d4 cxd4 8. Qxd4
O-O 9. Rd1 d6 10. Bg5 Nbd7 11. Nb5 d5 12. cxd5 Bxd5 13. Nc3 Bc6 14. Qc4 Qc8 15.
e4 Bc5 16. b4 b5 17. Nxb5 Bxb5 18. Qxb5 Rb8 19. Qd3 Bxb4 20. Bxf6 Nxf6 21. e5
Nh5 22. Rac1 Qe8 23. Nd4 g6 24. Nc6 Rb6 25. Nxa7 Be7 26. Nc6 Bg5 27. Rc4 Kh8 28.
a4 Qa8 29. Qd4 Qa6 30. a5 Rxc6 31. Rxc6 Qxa5 32. Qc5 Qxc5 33. Rxc5 Ng7 34. Be4
h5 35. Rd7 Bh6 36. Rcc7 Kg8 37. Kg2 g5 38. Ra7 g4 39. h3 Nf5 40. hxg4 hxg4 41.
Ra4 Bg7 42. Bxf5 exf5 43. Rf4 Bxe5 44. Rxf5 f6 45. Rh5 Rf7 46. Rd5 Ra7 47. Rh4
Ra4 48. Rd7 Rb4 49. Rhh7 Rc4 50. Rdg7+ Kf8 51. Ra7 Kg8 52. Rhd7 Rc8 53. Rg7+ 1-0

[Event "24th Dubai Open A 2024"]
[Site "Dubai UAE"]
[Date "2024.05.27"]
[Round "3.28"]
[White "Zherebtsova, Alexandra"]
[Black "Grivas, Efstratios"]
[Result "0-1"]
[WhiteTitle "FM"]
[BlackTitle "GM"]
[WhiteElo "2302"]
[BlackElo "2396"]
[WhiteFideId "24129518"]
[BlackFideId "4200039"]
[EventDate "2024.05.25"]

1. d4 d6 2. c4 e5 3. dxe5 dxe5 4. Qxd8+ Kxd8 5. Nc3 Be6 6. b3 Nd7 7. Bb2 c6 8.
O-O-O Kc7 9. g3 Nh6 10. Ne4 f6 11. Nf3 Bf5 12. Nfd2 Nc5 13. Bg2 Ng4 14. Rdf1
Nxe4 15. Bxe4 Be6 16. h3 Nh6 17. g4 Nf7 18. Nf3 a5 19. Nh4 Nd6 20. Bc2 a4 21. e3
axb3 22. axb3 b5 23. c5 Nc8 24. b4 Ne7 25. e4 g5 26. Nf5 Ng6 27. Rd1 h5 28. f3
Nf4 29. h4 Bxf5 30. exf5 Bh6 31. Be4 gxh4 32. Kc2 Rad8 33. Ra1 Ra8 34. Rad1 Rhd8
35. Rxd8 Rxd8 36. gxh5 Bg5 37. Bc3 Rh8 38. Bd2 Nxh5 39. f4 Nxf4 40. Ra1 Nd5 41.
Be1 h3 42. Ra7+ Kb8 43. Rd7 h2 44. Bh1 Rh3 45. Rg7 Ne3+ 46. Kb2 Nxf5 47. Rf7 Nd4
48. Bc3 Ne2 49. Be1 e4 50. Kc2 Nd4+ 51. Kb2 Rb3+ 52. Ka2 Re3 0-1

[Event "24th Dubai Open A 2024"]
[Site "Dubai UAE"]
[Date "2024.05.27"]
[Round "3.29"]
[White "Rayes, Abdul Kader"]
[Black "Buksa, Nataliya"]
[Result "0-1"]
[BlackTitle "IM"]
[WhiteElo "2067"]
[BlackElo "2383"]
[WhiteFideId "7600801"]
[BlackFideId "14123622"]
[EventDate "2024.05.25"]

1. d4 d5 2. c4 e6 3. Nc3 Nf6 4. Bg5 Be7 5. e3 Nbd7 6. Nf3 h6 7. Bh4 O-O 8. Rc1
a6 9. cxd5 exd5 10. Bd3 b6 11. Bg3 Bb7 12. h3 c5 13. O-O Re8 14. Bh2 Ne4 15. Bb1
Bf6 16. Qd3 g6 17. Rfd1 Rc8 18. Qe2 Qe7 19. Qe1 Bg7 20. Ne2 c4 21. Nd2 Nd6 22.
Nf3 Ne4 23. Nd2 f5 24. Bxe4 fxe4 25. Nf4 Kh7 26. Nb1 b5 27. a3 Nb6 28. Nc3 Bc6
29. Na2 Na4 30. Rc2 Bb7 31. Rdc1 Qd8 32. Qd1 Qd7 33. Qe1 Bf8 34. Ne2 Be7 35. Be5
Qd8 36. Nf4 a5 37. Kh2 Qb6 38. Qd1 Rcd8 39. Rd2 Rc8 40. Qg4 b4 41. axb4 axb4 42.
Rb1 Qc6 43. f3 exf3 44. gxf3 Rg8 45. Rg2 Rcf8 46. e4 Bc8 47. Qg3 Nb6 48. Rd1 g5
49. Nh5 dxe4 50. d5 Qg6 51. Nf4 gxf4 52. Qxg6+ Rxg6 53. Rxg6 Kxg6 54. d6 Bh4 55.
fxe4 Bg3+ 56. Kg2 Nd7 57. Bd4 Bb7 58. Kf3 Re8 59. Nxb4 Bxe4+ 0-1

[Event "24th Dubai Open A 2024"]
[Site "Dubai UAE"]
[Date "2024.05.27"]
[Round "3.30"]
[White "Lee, Junhyeok"]
[Black "Aliyev, Ravan"]
[Result "0-1"]
[WhiteTitle "IM"]
[BlackTitle "FM"]
[WhiteElo "2381"]
[BlackElo "2352"]
[WhiteFideId "13202340"]
[BlackFideId "13409980"]
[EventDate "2024.05.25"]

1. d4 Nf6 2. Nf3 d5 3. Bf4 c5 4. e3 Nc6 5. Nbd2 Bg4 6. c3 e6 7. Qb3 Qc8 8. h3
Bh5 9. Nh4 Be7 10. g4 Bg6 11. Nxg6 hxg6 12. Be2 Qd7 13. dxc5 Bxc5 14. O-O-O
O-O-O 15. Qc2 Bd6 16. Bg5 Qc7 17. h4 Be7 18. h5 gxh5 19. gxh5 Ne8 20. Bf4 Bd6
21. Bxd6 Qxd6 22. Nf3 Nf6 23. Ng5 Qe7 24. f4 Kb8 25. Kb1 Rc8 26. Bf3 Na5 27. Qe2
Nc4 28. e4 dxe4 29. Bxe4 Qc7 30. Bd3 Nb6 31. c4 Nxc4 32. Rc1 Qxf4 33. Nf3 Qxf3 0-1

[Event "24th Dubai Open A 2024"]
[Site "Dubai UAE"]
[Date "2024.05.27"]
[Round "3.31"]
[White "Mendes Aaron Reeve"]
[Black "Zhu, Jiner"]
[Result "0-1"]
[WhiteTitle "FM"]
[BlackTitle "GM"]
[WhiteElo "2306"]
[BlackElo "2476"]
[WhiteFideId "25954938"]
[BlackFideId "8608059"]
[EventDate "2024.05.25"]

1. Nf3 Nf6 2. b3 d5 3. Bb2 e6 4. e3 Be7 5. c4 O-O 6. Be2 b6 7. O-O Bb7 8. Nc3
Nbd7 9. Rc1 a6 10. d4 Bd6 11. Qc2 Qe7 12. Rfd1 Rac8 13. Qb1 Rfd8 14. Qa1 c5 15.
dxc5 bxc5 16. Na4 Bc6 17. cxd5 exd5 18. Bxa6 Ra8 19. Bd3 d4 20. Nxd4 Bxh2+ 21.
Kxh2 Ng4+ 22. Kh3 Nxf2+ 23. Kh2 Qh4+ 24. Kg1 Ng4 25. Bxh7+ Qxh7 26. Nxc6 Qh2+
27. Kf1 Qh1+ 28. Ke2 Qxg2+ 29. Kd3 Qxc6 30. Rd2 Nde5+ 31. Kc3 Rxd2 32. Kxd2 Rd8+
33. Kc2 Qe4+ 34. Kc3 Qd3# 0-1

[Event "24th Dubai Open A 2024"]
[Site "Dubai UAE"]
[Date "2024.05.27"]
[Round "3.32"]
[White "Xie, Felix"]
[Black "Manon, Reja Neer"]
[Result "1/2-1/2"]
[WhiteTitle "FM"]
[BlackTitle "FM"]
[WhiteElo "2359"]
[BlackElo "2423"]
[WhiteFideId "4308174"]
[BlackFideId "10224009"]
[EventDate "2024.05.25"]

1. e4 c5 2. Nf3 Nc6 3. Bb5 g6 4. O-O Bg7 5. c3 Nf6 6. Re1 O-O 7. d4 d5 8. e5 Ne4
9. Bxc6 bxc6 10. Be3 Qb6 11. Qc1 cxd4 12. cxd4 f6 13. Nc3 Rb8 14. b3 Qa5 15.
exf6 exf6 16. Bf4 Rb7 17. Nxe4 dxe4 18. Rxe4 Qd5 19. Qc4 Bg4 20. Qxd5+ cxd5 21.
Ree1 Rc8 22. Rac1 Bf8 23. Rxc8 Bxc8 24. Bd6 Bxd6 25. Re8+ Kf7 26. Rxc8 a5 27.
Rc6 Be7 28. Ra6 Rc7 29. g3 Bb4 30. Kg2 g5 31. g4 Rc1 32. a3 Bc3 33. Rc6 Bb2 34.
Ra6 Bc3 35. Rd6 Ra1 36. a4 Rb1 37. Rxd5 Rxb3 38. Rc5 Bb4 39. Rc4 Ke6 40. Rc6+
Kf7 41. h4 h6 42. Rc7+ Ke6 43. h5 Ra3 44. Rc6+ Kf7 45. Rc7+ Ke6 46. Rh7 Bf8 47.
d5+ Kxd5 48. Rh8 Be7 49. Rh7 Bf8 50. Rh8 Bd6 51. Rxh6 Rxa4 52. Rxf6 Rxg4+ 53.
Kf1 Rf4 54. Rxf4 gxf4 55. Ke2 a4 56. Kd3 Bf8 57. Nd2 a3 58. Kc3 Ke5 59. f3 a2
60. Kb2 Kd4 61. Ne4 Ke3 62. Ng5 Bh6 63. Nh3 a1=N 64. Kxa1 Kxf3 65. Kb1 Kg2 66.
Nxf4+ Bxf4 67. h6 Bxh6 1/2-1/2

[Event "24th Dubai Open A 2024"]
[Site "Dubai UAE"]
[Date "2024.05.27"]
[Round "3.33"]
[White "Xie, Kaifan"]
[Black "Laddha, Shubh Jayesh"]
[Result "1-0"]
[WhiteTitle "CM"]
[BlackTitle "FM"]
[WhiteElo "2376"]
[BlackElo "2324"]
[WhiteFideId "8619107"]
[BlackFideId "30942799"]
[EventDate "2024.05.25"]

1. d4 d5 2. c4 dxc4 3. e4 e5 4. Nf3 exd4 5. Bxc4 Nc6 6. O-O Be6 7. Bb5 Bc5 8. b4
Bb6 9. a4 a6 10. Bxc6+ bxc6 11. Bb2 Nf6 12. a5 Ba7 13. Nbd2 O-O 14. Qc1 Re8 15.
Qxc6 Bd7 16. Qxa6 Qb8 17. Qd3 Qxb4 18. Rfb1 Bb5 19. Qc2 Qc5 20. Qb3 c6 21. Bxd4
Qe7 22. Bxa7 Qxa7 23. Qb4 Rad8 24. h3 Nh5 25. e5 Ng3 26. Qh4 Ne2+ 27. Kh1 h6 28.
Ne4 Bd3 29. Re1 Nd4 30. Nd6 Nf5 31. Qf4 Nxd6 32. exd6 Rxe1+ 33. Nxe1 Bb5 34. a6
Bxa6 35. Qa4 Qxf2 36. Qxa6 Rxd6 37. Qc8+ Kh7 38. Nf3 Rg6 39. Rg1 Rf6 40. Qg4 g6
41. Rd1 h5 42. Qe4 Qb2 43. Qe8 Rf5 44. Qxc6 Qb3 45. Re1 Qb4 46. Qe8 Kg7 47. Qe3
h4 48. Rd1 Qb2 49. Nxh4 Re5 50. Qd4 Qxd4 51. Rxd4 g5 52. Nf3 Rc5 53. Rd6 f6 54.
Rd7+ Kg6 55. Nd4 f5 56. Rd6+ Kf7 57. Ne6 Rc1+ 58. Kh2 Kf6 59. Rb6 Rc4 60. Nd4+
Ke5 61. Nf3+ Kf4 62. Rg6 g4 63. hxg4 fxg4 64. Rxg4+ 1-0

[Event "24th Dubai Open A 2024"]
[Site "Dubai UAE"]
[Date "2024.05.28"]
[Round "4.1"]
[White "Aronyak, Ghosh"]
[Black "Erdogmus, Yagiz Kaan"]
[Result "1/2-1/2"]
[WhiteTitle "IM"]
[BlackTitle "IM"]
[WhiteElo "2528"]
[BlackElo "2553"]
[WhiteFideId "25072846"]
[BlackFideId "44599790"]
[EventDate "2024.05.25"]

1. d4 d5 2. Nf3 c5 3. c4 cxd4 4. cxd5 Nf6 5. Qxd4 Qxd5 6. Nc3 Qxd4 7. Nxd4 a6 8.
g3 e5 9. Nb3 Nc6 10. Bg2 a5 11. Na4 Bb4+ 12. Bd2 Be6 13. Rc1 Bxb3 14. Bxc6+ bxc6
15. axb3 Bxd2+ 16. Kxd2 O-O-O+ 17. Ke3 Kc7 18. Rc5 Rb8 19. f3 Rxb3+ 20. Kf2 Rb5
21. Rhc1 Rxc5 22. Rxc5 Nd7 23. Rxa5 Rb8 24. Ra7+ Rb7 25. Ra5 Rb5 26. Ra7+ Rb7
27. Ra5 Rb5 28. Ra7+ Rb7 29. Ra5 Rb5 30. Ra7+ Rb7 1/2-1/2